Desempleo juvenil en Cartagena de Indias: un análisis transversal de sus causas y consecuencias /
Guardado en:
| 主要作者: | |
|---|---|
| 其他作者: | , |
| 格式: | Texto |
| 標簽: |
添加標簽
沒有標簽, 成為第一個標記此記錄!
|
MARC
| LEADER | 00000 a a2200000 04500 | ||
|---|---|---|---|
| 001 | 46699 | ||
| 003 | |||
| 040 | |||
| 090 | |a REV1520 19(75) 2013 | ||
| 100 | |a De-la-Hoz-Aguilar, Fabio José | ||
| 245 | |a Desempleo juvenil en Cartagena de Indias: |b un análisis transversal de sus causas y consecuencias / |c Fabio José De-la-Hoz-Aguilar, Raúl Quejada-Pérez, Martha Yánez-Contreras | ||
| 700 | |a Quejada-Pérez, Raúl | ||
| 700 | |a Yánez-Contreras, Martha | ||
| 773 | |g volumen19, número75, (2013), páginas 35-61 | ||
| 999 | |c 40175 |d 40175 | ||
